000 00951 a2200229 4500
001 37766
005 20260407155644.0
008 260407a2014 arg spa d
003 AR-UNSa-BCEJYS
040 _aAR-UNSa-BCEJYS
_bspa
_cAR-UNSa-BCEJYS
080 _a339.72.053.1
_xDeuda exterior. Déficit de la balanza de pagos
245 1 0 _aLos buitres
_phistoria oculta de la mayor operación financiera contra la Argentina
020 _a978-987-628-328-1
264 1 _aBuenos Aires :
_bEdhasa
_c2014
300 _a250 p.
_c22 cm.
505 _a1. Llegaron los buitres - 2. Qué y quiénes - 3. Los primeros vuelos - 4. Griesa en el camino - 5. La madre de todos los embargos - 6. El juicio - 7. La batalla que cambiará la historia
041 _aspa
942 _cBK
590 _aniveau_biblio:m niveau_hierar:0
100 1 _aBurgueño, Carlos
856 4 1 _uhttps://biblioeco.unsa.edu.ar/pmb/images/libros/L125698.jpg
_yImagen de portada
_qimage/jpeg
999 _c2787
_d2787